000 00631nam a2200217Ia 4500
003 OSt
005 20220918105427.0
006 a|||||r|||| 00| 0
007 ta
008 220915b |||||||| |||| 00| 0 220915b |||||||| |||| 00| 0 ben d d
024 _a93,288
037 _cReference Collections
040 _aARTS
_cARTS
_bben
041 _2ben
_aben
082 _aQ25, 157K6(RR)
100 _aDas Upendra Kumar Au.
_91349
245 0 _aShastramulak Bharatiya Shakti Sadhana
260 _c1966
942 _hQ25, 157K6(RR)
_cREF
999 _c107084
_d107084